Pla de comunicació ; Nova identitat gràfica ; Normativa de senyalització : (síntesi) / Diputació de Barcelona (síntesi) / Diputació de Barcelona
Descripción Física:
[51] f. de làm. : il. col. ; 30 cm
MARC
| LEADER | 00000nam a2200000Ia 4500 | ||
|---|---|---|---|
| 001 | 14393 | ||
| 008 | 160829s2000 xx 000 0 cat d | ||
| 080 | |a M-4-225 | ||
| 110 | 1 | |a Barcelona (Catalunya : Província). |b Diputació |9 52408 | |
| 245 | |a Pla de comunicació ; Nova identitat gràfica ; Normativa de senyalització : |b (síntesi) / Diputació de Barcelona | ||
| 260 | |a [Barcelona] : |b Institut d'Edicions, Diputació de Barcelona, |c 2000 | ||
| 300 | |a [51] f. de làm. : |b il. col. ; |c 30 cm | ||
| 610 | 1 | 0 | |a Barcelona (Catalunya : Província). |b Diputació |9 52408 |
| 650 | |a Comunicació |9 22995 | ||
| 650 | |a Logotip I |9 22996 | ||
| 650 | |a Senyals i senyalització |9 22997 | ||
| 650 | |a Imatge corporativa |9 22160 | ||
| 901 | |a Arxiu | ||
| 942 | |n 1 | ||
| 952 | |0 0 |1 0 |4 0 |6 M4225 |7 1 |9 42434 |a Arxiu |b Arxiu |d 2016-12-01 |l 0 |o M-4-225 |p 14393 |r 2016-12-01 00:00:00 |w 2016-12-01 |y ARXIU | ||
| 999 | |c 44939 |d 44939 | ||